<?xml version="1.0" encoding="UTF-8"?>
<collection xmlns="http://www.loc.gov/MARC21/slim">
 <record>
  <leader>00916nam a2200193 a 4500</leader>
  <controlfield tag="001">1/32958</controlfield>
  <controlfield tag="008">070703s2003    gr            00110 gre  </controlfield>
  <datafield tag="020" ind1=" " ind2=" ">
   <subfield code="a">9603436844</subfield>
  </datafield>
  <datafield tag="035" ind1=" " ind2=" ">
   <subfield code="l">35361</subfield>
  </datafield>
  <datafield tag="040" ind1=" " ind2=" ">
   <subfield code="a">GR-PeUP</subfield>
  </datafield>
  <datafield tag="082" ind1="0" ind2="0">
   <subfield code="a">325.21 ΠΕΛ</subfield>
  </datafield>
  <datafield tag="100" ind1="1" ind2=" ">
   <subfield code="a">Πελαγίδης, Ευστάθιος.</subfield>
  </datafield>
  <datafield tag="245" ind1="1" ind2="2">
   <subfield code="a">Η Ελλάδα των πολιτισμών :</subfield>
   <subfield code="b">ομογενείς, παλιννοστούντες και αλλογενείς πρόσφυγες (τέλη 20ού και αρχές 21ου αιώνα) /</subfield>
   <subfield code="c">Στάθης Πελαγίδης.</subfield>
  </datafield>
  <datafield tag="260" ind1="0" ind2=" ">
   <subfield code="a">Θεσσαλονίκη :</subfield>
   <subfield code="b">Κυριακίδης,</subfield>
   <subfield code="c">2003.</subfield>
  </datafield>
  <datafield tag="300" ind1=" " ind2=" ">
   <subfield code="a">299 σ. :</subfield>
   <subfield code="b">πιν. ;</subfield>
   <subfield code="c">24 εκ.</subfield>
  </datafield>
  <datafield tag="650" ind1=" " ind2="4">
   <subfield code="a">Πρόσφυγες</subfield>
   <subfield code="z">Ελλάδα.</subfield>
  </datafield>
  <datafield tag="650" ind1=" " ind2="4">
   <subfield code="a">Αποδημία και Εποίκηση.</subfield>
  </datafield>
  <datafield tag="650" ind1=" " ind2="4">
   <subfield code="a">Επαναπατρισμός.</subfield>
  </datafield>
  <datafield tag="852" ind1=" " ind2=" ">
   <subfield code="a">INST</subfield>
   <subfield code="b">UNIPILB</subfield>
   <subfield code="c">MAIN</subfield>
   <subfield code="e">20070703</subfield>
   <subfield code="h">325.21 ΠΕΛ</subfield>
   <subfield code="p">00152892</subfield>
   <subfield code="q">00152892</subfield>
   <subfield code="t">LOAN</subfield>
   <subfield code="y">0</subfield>
   <subfield code="4">1</subfield>
  </datafield>
 </record>
</collection>
